000 00902nam a2200229 a 4500
001 65481
003 BD-RjUL
005 20211209081430.0
008 170307s1995 |||| |||| 000 0 d
020 _a9844650704
035 _a(BD-RjUL)65611
040 _aBD-RjUL
_beng
_cBD-RjUL
041 _aeng
082 _223
_a954.9205
_bHAA 1995
100 _aহক, হাসান আজিজুল
_9193785
245 _aএকাত্তর করতলে ছিন্নমাথা /
_cহাসান আজিজুল হক.
260 _aঢাকা :
_bসাহিত্য প্রকাশ,
_c১৯৯৫ [১৪০১]
300 _a৭৭ পৃ. :
_c২২ সে.মি.
651 _aBangladesh
_xHistory
_yRevolution, 1971.
_9192204
651 _aবাংলাদেশ
_xইতিহাস
_yমুক্তি সংগ্রাম, ১৯৭১
_9194786
942 _2ddc
_cBK
999 _c65481
_d65481